| 000 | 00608nam a22001937a 4500 | ||
|---|---|---|---|
| 999 |
_c191294 _d191294 |
||
| 005 | 20220824113403.0 | ||
| 010 | _aENG-134597 | ||
| 020 |
_c650.00 _a9789383660148 |
||
| 035 | _aEN-118129 | ||
| 037 | _bDBAD/PUB | ||
| 082 | _a891.4484 | ||
| 245 |
_aTAGORE: _bThe world as his Nest/ _cedited by Sangeeta Datta &Subhoranjan Dasgupta |
||
| 260 |
_ajadavpur university _bjadavpur university press _c2016 |
||
| 270 |
_ajadavpur university _bkolkata _e700032 |
||
| 300 |
_a222p. _c25cm(hb) |
||
| 700 | _adatta,sangeeta | ||
| 700 | _aDasgupta, subhoranjan | ||
| 942 |
_2ddc _cEN _h891.4484 _mTAG |
||